Statistiques concernant Littérature commençant par la lettre C

Cliquez ici pour prendre le quiz!

Statistiques générales

  • Ce quiz a été pris 1 887 fois
  • Le résultat moyen est 13 sur 20

Statistiques - réponses

IndicesRéponses% Correct
Ennemi juré de Astérix et ObélixCésar
96%
Pour sa pantoufle, certains penchent pour du verre, d'autres pour du vairCendrillon
94%
Un des plus célèbres contes philosophiques de VoltaireCandide
87%
C'est certain, il ne vous est pas étrangerAlbert Camus
82%
"Que dis-je, un cap? C'est une péninsule!"Cyrano de Bergerac
82%
Cantatrice italienne, elle a un don pour énerver le capitaine HaddockBianca Castafiore
81%
Roman le plus célèbre de Roal Dalh, il met notamment en scène les Oompa LoompasCharlie et la chocolaterie
79%
Super héros Marvel créé dans les années 1940, il utilise son bouclier en combatCaptain America
77%
La reine du crimeAgatha Christie
76%
Créateur d'un célèbre détective londonien fumant la pipeSir Arthur Conan Doyle
75%
Probablement le plus célèbre philosophe chinoisConfucius
70%
Magicienne amoureuse d'Ulysse, elle a pourtant transformé ses marins en cochonsCircé
67%
Polyphème est l'un d'euxCyclope
56%
Homme politique romain, il était également très bon orateur, écrivain et poèteCicéron
54%
Poète noir, il a également été maire de Fort-de-France et député de la MartiniqueAimé Césaire
53%
Château du roi ArthurCamelot
53%
Il est si célèbre qu'un dilemme porte son nomCorneille
53%
Elle était également mime, actrice et journalisteColette
31%
Suite de ce roman dans lequel les protagonistes fuient les kpoux vermicieux a bord d'un vaisseau singulierCharlie et le grand ascenseur de verre
11%
Poète en avance sur son temps, aussi bien en poésie qu'en science: il inventa le paléophone, cousin du phonographe, avant EdissonCharles Cros
4%

Distribution des résultats

Percentile par nombre de réponses

% des personnes avec chaque résultat

Votre développement - résultats

Vous n’avez pas pris ce quiz